[Event "FRA-ch op-D"]
[Site "Nancy"]
[Date "2013.08.19"]
[Round "7"]
[White "Fornes, Paul"]
[Black "Navrotescu, Vlad Andrei"]
[Result "0-1"]
[WhiteElo "1443"]
[BlackElo "1383"]
[PlyCount "58"]
[EventDate "2013.08.11"]
[EventType "swiss"]
[EventRounds "11"]
[EventCountry "FRA"]
[SourceTitle "CBM 156 Extra"]
[Source "ChessBase"]
[SourceDate "2013.10.22"]
[SourceVersion "1"]
[SourceVersionDate "2013.10.22"]
[SourceQuality "1"]

1. d4 Nf6 2. Nf3 e6 3. Bg5 Be7 4. Nbd2 0-0 5. e3 b6 6. Bd3 Bb7 7. 0-0 c5 8. c3 Nc6 9. Qc2 h6 10. Bh4 Rc8 11. dxc5 bxc5 12. Nc4 d5 13. Rfd1 dxc4 14. Bh7+ Nxh7 15. Rxd8 Rfxd8 16. Bxe7 Nxe7 17. Ne5 Ba6 18. Qe4 Ng5 19. Qh4 Nf5 20. Qf4 Ne7 21. h4 Nd5 22. Qg4 Nf6 23. Qf4 Nge4 24. f3 Nd2 25. g4 Rd5 26. Kf2 Rcd8 27. g5 Nh5 28. Qxf7+ Kh8 29. Qxe6 Bc8 0-1

[Event "La Fere op 11th"]
[Site "La Fere"]
[Date "2012.07.09"]
[Round "4"]
[White "Fornes, Paul"]
[Black "Wolfangel, Claude"]
[Result "0-1"]
[WhiteElo "1353"]
[BlackElo "1784"]
[PlyCount "94"]
[EventDate "2012.07.07"]
[EventType "swiss"]
[EventRounds "9"]
[EventCountry "FRA"]
[SourceTitle "CBM 149 Extra"]
[Source "ChessBase"]
[SourceDate "2012.08.24"]
[SourceVersion "1"]
[SourceVersionDate "2012.08.24"]
[SourceQuality "1"]

1. d4 Nf6 2. Nf3 b6 3. e3 Bb7 4. Bd3 e6 5. 0-0 c5 6. c3 Qc7 7. Nbd2 Bd6 8. Nc4 Be7 9. a4 d5 10. Ncd2 Nbd7 11. Re1 Ne4 12. Qc2 f5 13. Nf1 g5 14. N3d2 g4 15. Nxe4 fxe4 16. Be2 h5 17. dxc5 Nxc5 18. c4 Nd3 19. Bxd3 exd3 20. Qxd3 Qxc4 21. Qd4 Qxd4 22. exd4 Kd7 23. Bf4 Rhf8 24. Be5 Bg5 25. Ne3 Bh4 26. g3 Bf6 27. Ng2 Bg5 28. Nf4 Bxf4 29. Bxf4 Rac8 30. Rac1 Rc4 31. Rxc4 dxc4 32. Re5 Rf5 33. Rxf5 exf5 34. Bb8 a6 35. Bf4 b5 36. axb5 axb5 37. Kf1 Ke6 38. Bd2 Kd5 39. Bc3 Ke4 40. Ke2 Bd5 41. Ke1 Kd3 42. Kd1 Bf3+ 43. Ke1 Kc2 44. Kf1 b4 45. Bxb4 Kxb2 46. Kg1 c3 47. Bxc3+ Kxc3 0-1